Celulóza má šancu poraziť ropu

Nové trendy v nahradení benzínu etanolom vyrobeného z celulózy. USA ako priekopnícka krajina. Získavanie etanolu z rastlinného odpadu. Štátna podpora rafinériám. Šanca proti škodlivým emisiám. Prekážkou zložitá chémia. Snaha geneticky upraviť zdroje rastlinnej biomasy s cieľom zvýšiť jej produkciu....

Ausführliche Beschreibung

Gespeichert in:
Bibliographische Detailangaben
1. Verfasser: Urban, Zdeněk
Format: Buchkapitel
Sprache:Slowakisch
Schlagworte:
Tags: Tag hinzufügen
Keine Tags, Fügen Sie das erste Tag hinzu!

MARC

LEADER 00000naa$a2200000$$$4500
001 0055756
005 20231009072057.1
041 0 |a slo 
044 |a SK 
245 1 0 |a Celulóza má šancu poraziť ropu  |c Zdeněk Urban 
520 |a Nové trendy v nahradení benzínu etanolom vyrobeného z celulózy. USA ako priekopnícka krajina. Získavanie etanolu z rastlinného odpadu. Štátna podpora rafinériám. Šanca proti škodlivým emisiám. Prekážkou zložitá chémia. Snaha geneticky upraviť zdroje rastlinnej biomasy s cieľom zvýšiť jej produkciu. Spustenie komerčnej veľkovýroby etanolu z celulózy naplánované na rok 2009. 
610 2 0 |a technológie nové 
610 2 0 |a energia 
610 2 0 |a zdroje energie prírodné 
610 2 0 |a benzín 
610 2 0 |a plodiny poľnohospodárske 
610 2 0 |a chémia 
610 2 0 |a emisie 
100 1 |a Urban, Zdeněk